| 000 | 00653nam a2200193 4500 | ||
|---|---|---|---|
| 999 |
_c171934 _d171934 |
||
| 005 | 20200123131343.0 | ||
| 010 | _aENG-127532 | ||
| 020 |
_c140.00 _a978817505081 |
||
| 035 | _aEN-111064 | ||
| 037 | _bDBAD/PUB | ||
| 082 | _a181.4 | ||
| 100 | _a Swami Vivekananda | ||
| 245 |
_aLectures from Colombo to Almora/ _cby Swami Vivekananda |
||
| 260 |
_akolkata _bAdvaita Ashrama _c2018 |
||
| 270 |
_aSwami Muktidananda Adhyaksha Advaita Ashrama Mayavat, Champawat, Uttarakhand Himalayas _bkolkata _e110092 _mleninmediapublishers@gmail.com |
||
| 300 |
_avi;437p. _c19cm(hb) |
||
| 500 | _aincludes index | ||
| 942 |
_2ddc _cEN _h181.4 _mSWA |
||